[Event "Budapest FS07 FM-A"]
[Site "Budapest"]
[Date "2014.07.13"]
[Round "8"]
[White "Csonkics, Tunde"]
[Black "Laza, Szabolcs"]
[Result "1-0"]
[WhiteElo "2194"]
[BlackElo "2097"]
[PlyCount "55"]
[EventDate "2014.07.05"]
[EventType "tourn"]
[EventRounds "9"]
[EventCountry "HUN"]
[SourceTitle "CBM 161 Extra"]
[Source "ChessBase"]
[SourceDate "2014.08.29"]
[SourceVersion "1"]
[SourceVersionDate "2014.08.29"]
[SourceQuality "1"]

1. Nf3 d5 2. g3 Nf6 3. Bg2 c6 4. 0-0 Bg4 5. c4 Nbd7 6. cxd5 cxd5 7. Nc3 e6 8. d3 Be7 9. Bf4 0-0 10. Rc1 Rc8 11. h3 Bh5 12. a3 Qb6 13. Na4 Qb5 14. g4 Bg6 15. b4 Rxc1 16. Bxc1 Nb6 17. Nxb6 Qxb6 18. Qa4 a6 19. Be3 Qd8 20. Rc1 h6 21. Qc2 Bd6 22. Bc5 Ne8 23. Bxd6 Nxd6 24. Qc7 f6 25. Nd4 Bf7 26. a4 g6 27. Nb3 b5 28. a5 1-0

[Event "Mare di Fano op 2nd"]
[Site "Fano"]
[Date "2013.08.02"]
[Round "6"]
[White "Tonel, Giulia"]
[Black "Csonkics, Tunde"]
[Result "0-1"]
[WhiteElo "1973"]
[BlackElo "2205"]
[PlyCount "66"]
[EventDate "2013.07.29"]
[EventType "swiss"]
[EventRounds "9"]
[EventCountry "ITA"]
[SourceTitle "EXT 2015"]
[Source "ChessBase"]
[SourceDate "2014.11.20"]
[SourceVersion "1"]
[SourceVersionDate "2014.11.20"]
[SourceQuality "1"]

1. d4 c5 2. d5 e5 3. c4 d6 4. Nc3 Nf6 5. g3 Be7 6. Bg2 Nbd7 7. Nf3 Nf8 8. Qc2 Ng6 9. a3 0-0 10. Nd2 Ne8 11. h4 f5 12. Bh3 e4 13. Nf1 Bf6 14. h5 Ne5 15. Ne3 Bg5 16. Ncd1 Qf6 17. Ng2 Bxc1 18. Rxc1 Nc7 19. Nde3 Bd7 20. Qd2 b6 21. Nf4 Rae8 22. b4 g5 23. hxg6 hxg6 24. Rb1 g5 25. Nh5 Qg6 26. Bg2 f4 27. bxc5 fxe3 28. Qxe3 Ng4 29. Qc3 e3 30. Rb2 exf2+ 31. Kd1 Ne3+ 32. Kc1 Nxg2 33. Nf4 Qh7 0-1

[Event "Mare di Fano op 2nd"]
[Site "Fano"]
[Date "2013.08.01"]
[Round "5"]
[White "Csonkics, Tunde"]
[Black "Di Primio, Eugenia"]
[Result "1/2-1/2"]
[WhiteElo "2205"]
[BlackElo "1943"]
[PlyCount "29"]
[EventDate "2013.07.29"]
[EventType "swiss"]
[EventRounds "9"]
[EventCountry "ITA"]
[SourceTitle "EXT 2015"]
[Source "ChessBase"]
[SourceDate "2014.11.20"]
[SourceVersion "1"]
[SourceVersionDate "2014.11.20"]
[SourceQuality "1"]

1. d4 f5 2. g3 g6 3. Bg2 Nf6 4. h4 Bg7 5. Nh3 d6 6. Nc3 c6 7. d5 e5 8. dxe6 Bxe6 9. Bg5 d5 10. Nf4 Bf7 11. h5 Nbd7 12. hxg6 hxg6 13. Rxh8+ Bxh8 14. Qd4 Qb6 15. Qxb6 1/2-1/2

[Event "HUN-ch (Women)"]
[Site "Budapest"]
[Date "2001.09.29"]
[Round "9"]
[White "Csonkics, Tunde"]
[Black "Lakos, Nikoletta"]
[Result "1/2-1/2"]
[WhiteElo "2227"]
[BlackElo "2339"]
[PlyCount "63"]
[EventDate "2001.09.21"]
[EventType "tourn"]
[EventRounds "9"]
[EventCountry "HUN"]
[EventCategory "1"]
[SourceTitle "CBM 084 Extra"]
[Source "ChessBase"]
[SourceDate "2001.10.26"]
[SourceVersion "1"]
[SourceVersionDate "2001.10.26"]
[SourceQuality "1"]

1. d4 Nf6 2. c4 g6 3. Nc3 Bg7 4. e4 0-0 5. Nf3 c6 6. Bd3 d6 7. h3 a6 8. 0-0 b5 9. Be3 Nbd7 10. cxb5 axb5 11. b4 Nb6 12. a4 bxa4 13. Nxa4 Bd7 14. Nxb6 Qxb6 15. Qd2 Qb7 16. Ra5 Rab8 17. Rb1 Qc7 18. Rba1 Rb7 19. Ra8 Rxa8 20. Rxa8+ Rb8 21. Qa2 Qc8 22. Rxb8 Qxb8 23. Qa5 Ne8 24. d5 cxd5 25. exd5 Bc3 26. Bd2 Bxd2 27. Nxd2 Nc7 28. Nb1 Bb5 29. Bxb5 Nxb5 30. Na3 Nc7 31. Nb1 Nb5 32. Na3 1/2-1/2

[Event "HUN-ch (Women)"]
[Site "Budapest"]
[Date "2001.09.27"]
[Round "7"]
[White "Csonkics, Tunde"]
[Black "Gara, Ticia"]
[Result "0-1"]
[WhiteElo "2227"]
[BlackElo "2381"]
[PlyCount "55"]
[EventDate "2001.09.21"]
[EventType "tourn"]
[EventRounds "9"]
[EventCountry "HUN"]
[EventCategory "1"]
[SourceTitle "CBM 084 Extra"]
[Source "ChessBase"]
[SourceDate "2001.10.26"]
[SourceVersion "1"]
[SourceVersionDate "2001.10.26"]
[SourceQuality "1"]

1. d4 Nf6 2. Nf3 g6 3. c4 Bg7 4. Nc3 d5 5. cxd5 Nxd5 6. e4 Nxc3 7. bxc3 c5 8. h3 0-0 9. Be2 b6 10. 0-0 Bb7 11. e5 cxd4 12. cxd4 Bd5 13. Bg5 Nc6 14. Qd2 Rc8 15. Rfd1 Qd7 16. Nh2 Rfd8 17. Ba6 Rc7 18. Bb5 Bxg2 19. f3 Bxh3 20. d5 Qf5 21. Rac1 Nd4 22. Rxc7 Bxe5 23. f4 Nxb5 24. fxe5 Nxc7 25. d6 f6 26. Rc1 fxg5 27. Rxc7 Qxe5 28. Qd3 0-1

[Event "HUN-ch (Women)"]
[Site "Budapest"]
[Date "2001.09.26"]
[Round "6"]
[White "Dembo, Yelena"]
[Black "Csonkics, Tunde"]
[Result "1/2-1/2"]
[WhiteElo "2391"]
[BlackElo "2227"]
[PlyCount "109"]
[EventDate "2001.09.21"]
[EventType "tourn"]
[EventRounds "9"]
[EventCountry "HUN"]
[EventCategory "1"]
[SourceTitle "CBM 084 Extra"]
[Source "ChessBase"]
[SourceDate "2001.10.26"]
[SourceVersion "1"]
[SourceVersionDate "2001.10.26"]
[SourceQuality "1"]

1. e4 e5 2. Nf3 Nc6 3. d4 exd4 4. Nxd4 Bc5 5. Be3 Qf6 6. c3 Nge7 7. Bc4 Ne5 8. Be2 Qg6 9. 0-0 d6 10. Kh1 Qxe4 11. Nd2 Qg6 12. Nb5 0-0 13. Nxc7 Rb8 14. Bh5 Qd3 15. Re1 N7g6 16. Bxg6 Nxg6 17. b4 Bg4 18. Nf3 Qxd1 19. Raxd1 Bxe3 20. Rxe3 Ne5 21. Rd4 Bxf3 22. gxf3 Rbc8 23. Nb5 Nc4 24. Nxd6 Nxe3 25. Nxc8 Nf5 26. Rc4 Rd8 27. Kg2 Rd2 28. Kf1 h5 29. Re4 Rxa2 30. Ne7+ Nxe7 31. Rxe7 b5 32. Re8+ Kh7 33. Re5 a6 34. Rxh5+ Kg6 35. Rc5 f6 36. Kg2 Rd2 37. Rc6 Ra2 38. f4 Ra3 39. Rc5 Ra1 40. Kf3 Rh1 41. Kg3 Rg1+ 42. Kf3 Rh1 43. Kg2 Ra1 44. h3 Ra3 45. f3 Ra2+ 46. Kg3 Ra1 47. Kh4 Rg1 48. f5+ Kh6 49. Rc8 Kh7 50. Rc6 Ra1 51. Kg4 Ra4 52. Kg3 a5 53. bxa5 Rxa5 54. Rc5 Ra3 55. Rxb5 1/2-1/2

[Event "HUN-ch (Women)"]
[Site "Budapest"]
[Date "2001.09.24"]
[Round "4"]
[White "Toth, Lili"]
[Black "Csonkics, Tunde"]
[Result "1/2-1/2"]
[WhiteElo "2184"]
[BlackElo "2227"]
[PlyCount "42"]
[EventDate "2001.09.21"]
[EventType "tourn"]
[EventRounds "9"]
[EventCountry "HUN"]
[EventCategory "1"]
[SourceTitle "CBM 084 Extra"]
[Source "ChessBase"]
[SourceDate "2001.10.26"]
[SourceVersion "1"]
[SourceVersionDate "2001.10.26"]
[SourceQuality "1"]

1. d4 Nf6 2. Nc3 d5 3. Bg5 Nbd7 4. Nf3 g6 5. e3 Bg7 6. Bd3 0-0 7. 0-0 c5 8. Re1 b6 9. e4 dxe4 10. Nxe4 Bb7 11. c3 cxd4 12. Nxd4 a6 13. Qe2 Re8 14. Rad1 Qc7 15. Nxf6+ Nxf6 16. Bxf6 Bxf6 17. Be4 b5 18. Qf3 Bxe4 19. Qxe4 Qc4 20. a3 Rad8 21. Qc6 Qxc6 1/2-1/2

[Event "HUN-ch (Women)"]
[Site "Budapest"]
[Date "2001.09.22"]
[Round "2"]
[White "Grabics, Monika"]
[Black "Csonkics, Tunde"]
[Result "1-0"]
[WhiteElo "2295"]
[BlackElo "2227"]
[PlyCount "61"]
[EventDate "2001.09.21"]
[EventType "tourn"]
[EventRounds "9"]
[EventCountry "HUN"]
[EventCategory "1"]
[SourceTitle "CBM 084 Extra"]
[Source "ChessBase"]
[SourceDate "2001.10.26"]
[SourceVersion "1"]
[SourceVersionDate "2001.10.26"]
[SourceQuality "1"]

1. e4 e5 2. Nf3 Nc6 3. Bc4 Bc5 4. c3 Nf6 5. d3 d6 6. Qe2 a6 7. Bb3 0-0 8. Bg5 h6 9. Bh4 Qe7 10. Nbd2 Be6 11. Bc2 Ba7 12. h3 d5 13. d4 exd4 14. e5 dxc3 15. bxc3 Qc5 16. exf6 Qxc3 17. Rc1 Bf5 18. 0-0 Bxc2 19. Nb1 Nd4 20. Nxc3 Nxe2+ 21. Nxe2 Bd3 22. Rfe1 Rfe8 23. Nf4 Bc4 24. fxg7 Kxg7 25. Ne5 Bd4 26. Nh5+ Kh8 27. Bf6+ Kh7 28. Nxc4 Rxe1+ 29. Rxe1 Bxf6 30. Nxf6+ Kg6 31. Nxd5 1-0

[Event "Nice op 7th"]
[Site "Nice"]
[Date "2000.08.09"]
[Round "3"]
[White "Pain, Ludovic"]
[Black "Csonkics, Tunde"]
[Result "0-1"]
[WhiteElo "2019"]
[BlackElo "2232"]
[PlyCount "65"]
[EventDate "2000.08.??"]
[EventType "swiss"]
[EventRounds "7"]
[EventCountry "FRA"]
[SourceTitle "EXT 2001"]
[Source "ChessBase"]
[SourceDate "2000.11.22"]
[SourceVersion "1"]
[SourceVersionDate "2000.11.22"]
[SourceQuality "1"]

1. e4 c5 2. Nf3 d6 3. d4 cxd4 4. Nxd4 Nf6 5. Nc3 a6 6. Be2 e6 7. Be3 Be7 8. 0-0 Qc7 9. f4 b6 10. Bf3 Bb7 11. e5 dxe5 12. Bxb7 Qxb7 13. fxe5 Nfd7 14. Qg4 g5 15. Qh5 Nxe5 16. Nxe6 Nbd7 17. Ng7+ Kd8 18. Bxg5 f6 19. Ne6+ Kc8 20. Bf4 Rg8 21. Bg3 Qc6 22. Qf5 Kb7 23. Qe4 Rac8 24. Qxc6+ Rxc6 25. Nd4 Rc4 26. Nce2 Ng4 27. c3 Nde5 28. Rf5 b5 29. Rh5 Rg7 30. a3 Bc5 31. h3 Ne3 32. Kh2 Bd6 33. Kh1 0-1

[Event "Budapest FS11 IM-B"]
[Site "Budapest"]
[Date "1998.11.14"]
[Round "8"]
[White "Csonkics, Tunde"]
[Black "Khechumyan, Gagik"]
[Result "1/2-1/2"]
[WhiteElo "2225"]
[BlackElo "2320"]
[PlyCount "41"]
[EventDate "1998.11.07"]
[EventType "tourn"]
[EventRounds "11"]
[EventCountry "HUN"]
[EventCategory "2"]
[SourceTitle "CBM 067 Extra"]
[Source "ChessBase"]
[SourceDate "1999.01.01"]
[SourceVersion "1"]
[SourceVersionDate "1999.01.01"]
[SourceQuality "1"]

1. d4 c5 2. d5 e5 3. e4 g6 4. g3 Bg7 5. Bg2 d6 6. Ne2 f5 7. Nbc3 Nf6 8. 0-0 0-0 9. f4 Na6 10. fxe5 dxe5 11. Bg5 Nc7 12. exf5 Bxf5 13. Bxf6 Rxf6 14. Ne4 Rf8 15. d6 Ne6 16. Qd5 Kh8 17. Qxb7 Rb8 18. Qd5 Rxb2 19. N2c3 Rxc2 20. Rab1 Ng5 21. h4 1/2-1/2

[Event "Budapest FS11 IM-B"]
[Site "Budapest"]
[Date "1998.11.10"]
[Round "4"]
[White "Csonkics, Tunde"]
[Black "Jamrich, Gyorgy"]
[Result "1/2-1/2"]
[WhiteElo "2225"]
[BlackElo "2310"]
[PlyCount "90"]
[EventDate "1998.11.07"]
[EventType "tourn"]
[EventRounds "11"]
[EventCountry "HUN"]
[EventCategory "2"]
[SourceTitle "CBM 067 Extra"]
[Source "ChessBase"]
[SourceDate "1999.01.01"]
[SourceVersion "1"]
[SourceVersionDate "1999.01.01"]
[SourceQuality "1"]

1. d4 e6 2. c4 b6 3. Nc3 Bb7 4. a3 f5 5. Nf3 Nf6 6. d5 Na6 7. g3 Bd6 8. Nd4 Be5 9. Bg2 Nc5 10. Rb1 0-0 11. 0-0 a5 12. b4 axb4 13. axb4 Nce4 14. Nxe4 Nxe4 15. Bb2 Qf6 16. f4 Bxd4+ 17. Bxd4 Qf7 18. Bxe4 fxe4 19. dxe6 Qxe6 20. c5 b5 21. Be5 e3 22. Qb3 Bd5 23. Qxe3 d6 24. cxd6 cxd6 25. Bd4 Qh3 26. Rf2 Rfe8 27. Qd2 Ra2 28. Bb2 Be4 29. Rc1 Qd7 30. Qd4 d5 31. f5 Bxf5 32. Rxf5 Rxb2 33. Rxd5 Qe6 34. Rd7 Qf6 35. Qd5+ Kh8 36. Rf1 Qh6 37. Rdf7 Qe3+ 38. Kh1 g6 39. Rf8+ Rxf8 40. Rxf8+ Kg7 41. Qg8+ Kh6 42. Rf4 Rxe2 43. Qf8+ Kh5 44. g4+ Kg5 45. Qf6+ Kh6 1/2-1/2

[Event "Budapest FS10 IM-B"]
[Site "Budapest"]
[Date "1998.10.13"]
[Round "11"]
[White "Csonkics, Tunde"]
[Black "Dudas, Janos"]
[Result "1/2-1/2"]
[WhiteElo "2225"]
[BlackElo "2340"]
[PlyCount "28"]
[EventDate "1998.10.03"]
[EventType "tourn"]
[EventRounds "11"]
[EventCountry "HUN"]
[EventCategory "2"]
[SourceTitle "EXT 1999"]
[Source "ChessBase"]
[SourceDate "1998.11.16"]
[SourceVersion "1"]
[SourceVersionDate "1998.11.16"]
[SourceQuality "1"]

1. e4 e5 2. Nf3 Nc6 3. Bc4 Bc5 4. c3 Nf6 5. d3 d6 6. 0-0 0-0 7. Bg5 Bg4 8. Nbd2 Na5 9. a3 h6 10. Bxf6 Qxf6 11. b4 Bxf3 12. Qxf3 Qxf3 13. gxf3 Nxc4 14. Nxc4 Bb6 1/2-1/2

[Event "Budapest FS10 IM-B"]
[Site "Budapest"]
[Date "1998.10.05"]
[Round "3"]
[White "Hadjikostis, Nikos"]
[Black "Csonkics, Tunde"]
[Result "1/2-1/2"]
[WhiteElo "2145"]
[BlackElo "2225"]
[PlyCount "85"]
[EventDate "1998.10.03"]
[EventType "tourn"]
[EventRounds "11"]
[EventCountry "HUN"]
[EventCategory "2"]
[SourceTitle "EXT 1999"]
[Source "ChessBase"]
[SourceDate "1998.11.16"]
[SourceVersion "1"]
[SourceVersionDate "1998.11.16"]
[SourceQuality "1"]

1. d4 Nf6 2. Nf3 e6 3. Bf4 c5 4. e3 d5 5. c3 Bd6 6. Bg3 Nc6 7. Nbd2 0-0 8. Bd3 b6 9. Ne5 Bb7 10. Ndf3 Qc7 11. Nxc6 Bxc6 12. Bxd6 Qxd6 13. Ne5 Bb7 14. 0-0 Nd7 15. f4 Qe7 16. Qh5 g6 17. Qh6 Nxe5 18. fxe5 f6 19. exf6 Rxf6 20. Rxf6 Qxf6 21. Rf1 Qg7 22. Qh3 Re8 23. Bb5 Re7 24. Qg3 e5 25. Bd3 Bc6 26. Qf2 exd4 27. exd4 cxd4 28. cxd4 Rf7 29. Qxf7+ Qxf7 30. Rxf7 Kxf7 31. Kf2 Kf6 32. h4 Bd7 33. Ke3 Bf5 34. Be2 Bb1 35. a3 Be4 36. g3 h6 37. Bg4 Bg2 38. Bf3 Bxf3 39. Kxf3 Kf5 40. g4+ Kf6 41. Kf4 g5+ 42. hxg5+ hxg5+ 43. Ke3 1/2-1/2

[Event "Budapest FS10 IM-B"]
[Site "Budapest"]
[Date "1998.10.04"]
[Round "2"]
[White "Csonkics, Tunde"]
[Black "Nguyen, Thi Thanh An"]
[Result "1/2-1/2"]
[WhiteElo "2225"]
[BlackElo "2115"]
[PlyCount "93"]
[EventDate "1998.10.03"]
[EventType "tourn"]
[EventRounds "11"]
[EventCountry "HUN"]
[EventCategory "2"]
[SourceTitle "EXT 1999"]
[Source "ChessBase"]
[SourceDate "1998.11.16"]
[SourceVersion "1"]
[SourceVersionDate "1998.11.16"]
[SourceQuality "1"]

1. d4 Nf6 2. c4 g6 3. Nc3 Bg7 4. e4 d6 5. Nf3 0-0 6. Be2 e5 7. Be3 Ng4 8. Bg5 f6 9. Bh4 g5 10. Bg3 Nh6 11. d5 a5 12. Nd2 Na6 13. f3 Nc5 14. Bf2 f5 15. 0-0 f4 16. a3 Bd7 17. b4 axb4 18. axb4 Na6 19. c5 Qc8 20. Qb3 Kh8 21. cxd6 cxd6 22. Nc4 Qc7 23. Nb6 Rad8 24. Nxd7 Qxd7 25. Bxa6 bxa6 26. Rxa6 g4 27. Ra7 Qe8 28. b5 gxf3 29. gxf3 Rg8 30. Kh1 Qh5 31. Ne2 Qh3 32. Rg1 Bf6 33. Qa3 Rxg1+ 34. Nxg1 Qf1 35. Qb2 Rg8 36. Bb6 Bh4 37. Ra2 Rb8 38. Bc7 Rxb5 39. Qg2 Qxg2+ 40. Kxg2 Nf7 41. Nh3 Rb7 42. Rc2 Kg7 43. Ba5 Bf6 44. Nf2 Rb3 45. Nh3 h6 46. Bc3 Bd8 47. Be1 1/2-1/2

[Event "Salgotarjan Balazs Memorial op"]
[Site "Salgotarjan"]
[Date "1998.??.??"]
[Round "9"]
[White "Csonkics, Tunde"]
[Black "Lengyel, Laszlo"]
[Result "1/2-1/2"]
[WhiteElo "2225"]
[BlackElo "2205"]
[PlyCount "82"]
[EventDate "1998.??.??"]
[EventType "swiss"]
[EventRounds "9"]
[EventCountry "HUN"]
[SourceTitle "EXT 2000"]
[Source "ChessBase"]
[SourceDate "1999.11.16"]
[SourceVersion "1"]
[SourceVersionDate "1999.11.16"]
[SourceQuality "1"]

1. d4 e6 2. c4 c5 3. d5 exd5 4. cxd5 d6 5. Nc3 a6 6. a4 g6 7. e4 Bg7 8. Be2 Ne7 9. Nf3 0-0 10. 0-0 Bg4 11. Nd2 Bxe2 12. Qxe2 Nd7 13. a5 Qc7 14. Nc4 Ne5 15. Nb6 Rae8 16. Bg5 h6 17. Bf4 Qd8 18. Kh1 Kh7 19. Rad1 f5 20. Bxe5 Bxe5 21. f4 Bxc3 22. bxc3 fxe4 23. Qxe4 Nf5 24. Qb1 Ne3 25. Rde1 Nxf1 26. Rxf1 Qf6 27. Nd7 Qg7 28. Nxf8+ Rxf8 29. h3 Rf7 30. Rf3 Qf6 31. Qb6 h5 32. Kh2 h4 33. Qb2 Re7 34. Qb6 Kg7 35. c4 Kf7 36. Qb3 Qd4 37. Qb6 Rd7 38. Qb3 Kg7 39. Qc2 Rf7 40. Qc1 Re7 41. f5 Rf7 1/2-1/2

[Event "HUN-chT 9697"]
[Site "Hungary"]
[Date "1997.??.??"]
[Round "14"]
[White "Csonkics, Tunde"]
[Black "Havasi, Janos"]
[Result "1/2-1/2"]
[WhiteElo "2220"]
[BlackElo "2250"]
[PlyCount "65"]
[EventDate "1996.??.??"]
[EventType "team"]
[EventRounds "12"]
[EventCountry "HUN"]
[SourceTitle "EXT 2006"]
[Source "ChessBase"]
[SourceDate "2005.11.24"]
[SourceVersion "1"]
[SourceVersionDate "2005.11.24"]
[SourceQuality "1"]
[WhiteTeam "Nagykanizsa"]
[BlackTeam "Vasas"]
[WhiteTeamCountry "HUN"]
[BlackTeamCountry "HUN"]

1. d4 Nf6 2. c4 g6 3. Nc3 Bg7 4. e4 d6 5. Be2 0-0 6. Nf3 Bg4 7. Be3 c6 8. Rc1 Qa5 9. 0-0 Nbd7 10. Nd2 Bxe2 11. Qxe2 e5 12. d5 Qa6 13. f3 Rac8 14. Rfd1 Rfe8 15. Ndb1 Bf8 16. b4 c5 17. Nb5 b6 18. a3 Qb7 19. Qa2 a6 20. N5c3 cxb4 21. axb4 Rc7 22. Na3 Rec8 23. Qd2 Ra8 24. Rb1 Qc8 25. Rdc1 Rb7 26. Na4 Rab8 27. Nc3 Nh5 28. g3 f5 29. Kh1 Nhf6 30. exf5 gxf5 31. f4 e4 32. Ne2 Ng4 33. Nd4 1/2-1/2

[Event "HUN-chT 9596"]
[Site "Hungary"]
[Date "1996.??.??"]
[Round "9"]
[White "Csonkics, Tunde"]
[Black "Borocz, Istvan"]
[Result "0-1"]
[WhiteElo "2280"]
[BlackElo "2415"]
[PlyCount "129"]
[EventDate "1995.??.??"]
[EventType "team"]
[EventRounds "13"]
[EventCountry "HUN"]
[SourceTitle "EXT 2000"]
[Source "ChessBase"]
[SourceDate "1999.11.16"]
[SourceVersion "1"]
[SourceVersionDate "1999.11.16"]
[SourceQuality "1"]

1. d4 Nf6 2. c4 e6 3. Nf3 b6 4. e3 Bb7 5. Nc3 Bb4 6. Bd3 Ne4 7. 0-0 Bxc3 8. bxc3 0-0 9. Ba3 d6 10. Nd2 f5 11. f3 Nxd2 12. Qxd2 Nd7 13. e4 fxe4 14. fxe4 Qh4 15. Qe2 c5 16. Rae1 e5 17. Bc1 cxd4 18. cxd4 exd4 19. Bb2 Ne5 20. g3 Qe7 21. Bxd4 Rae8 22. Bxe5 Qxe5 23. Qe3 Rxf1+ 24. Kxf1 Qb2 25. Re2 Qa1+ 26. Kg2 Qc3 27. Qf3 Rf8 28. Qe3 Qe5 29. Rf2 Re8 30. Re2 Bc8 31. Rf2 Qe6 32. Qd4 Bb7 33. Re2 Qe5 34. Qe3 h6 35. h3 Bc8 36. Rf2 Qe6 37. g4 Bb7 38. Re2 Qe5 39. Qf3 Rf8 40. Qe3 Rf4 41. Kg1 Rf6 42. Rg2 Rf4 43. Re2 Bc6 44. a3 Qf6 45. Kg2 Qe5 46. Kg1 Rf6 47. Rf2 Rxf2 48. Kxf2 Qb2+ 49. Be2 Qe5 50. Bd3 Qh2+ 51. Kf1 Qb2 52. g5 Qxa3 53. gxh6 gxh6 54. Qg3+ Kf8 55. Qf4+ Ke7 56. Qh4+ Kd7 57. Ke2 Qb2+ 58. Kf3 Qc3 59. Ke2 Qg7 60. Kf3 Kc7 61. Qf4 a5 62. Ke2 a4 63. Kd1 a3 64. Qd2 Ba4+ 65. Ke1 0-1

[Event "HUN-chT 9697"]
[Site "Hungary"]
[Date "1996.??.??"]
[Round "4"]
[White "Csonkics, Tunde"]
[Black "Kovacs, Laszlo M"]
[Result "1/2-1/2"]
[WhiteElo "2220"]
[BlackElo "2360"]
[PlyCount "26"]
[EventDate "1996.??.??"]
[EventType "team"]
[EventRounds "12"]
[EventCountry "HUN"]
[SourceTitle "EXT 2006"]
[Source "ChessBase"]
[SourceDate "2005.11.24"]
[SourceVersion "1"]
[SourceVersionDate "2005.11.24"]
[SourceQuality "1"]
[WhiteTeam "Nagykanizsa"]
[BlackTeam "Budapest MTK"]
[WhiteTeamCountry "HUN"]
[BlackTeamCountry "HUN"]

1. d4 Nf6 2. c4 e6 3. Nf3 b6 4. e3 Bb7 5. Nc3 d5 6. cxd5 exd5 7. Bb5+ c6 8. Bd3 Nbd7 9. 0-0 Be7 10. Ne5 0-0 11. f4 c5 12. Bd2 Ne4 13. Be1 Ndf6 1/2-1/2

[Event "HUN-chT 9596"]
[Site "Hungary"]
[Date "1996.??.??"]
[Round "13"]
[White "Csonkics, Tunde"]
[Black "Lakos, Nikoletta"]
[Result "0-1"]
[WhiteElo "2280"]
[BlackElo "2265"]
[PlyCount "84"]
[EventDate "1995.??.??"]
[EventType "team"]
[EventRounds "13"]
[EventCountry "HUN"]
[SourceTitle "EXT 2000"]
[Source "ChessBase"]
[SourceDate "1999.11.16"]
[SourceVersion "1"]
[SourceVersionDate "1999.11.16"]
[SourceQuality "1"]

1. f4 g6 2. g3 d5 3. Bg2 Bg7 4. Nf3 Nh6 5. 0-0 0-0 6. e3 c6 7. h3 Nf5 8. Qe1 h5 9. d3 Qb6 10. Nc3 Nd7 11. Kh2 e5 12. e4 dxe4 13. dxe4 Nd4 14. Qf2 exf4 15. gxf4 Re8 16. Nxd4 Bxd4 17. Qd2 Bg7 18. e5 Nc5 19. Ne4 Nxe4 20. Bxe4 Be6 21. Qc3 Rad8 22. Be3 Qc7 23. Rad1 a6 24. Bc5 Qc8 25. Bd6 Bf5 26. Qf3 Qe6 27. Bxf5 Qxf5 28. Rd3 Rd7 29. b3 Bh6 30. c4 Bxf4+ 31. Qxf4 Qxd3 32. Rg1 Re6 33. c5 Kg7 34. Qg5 Kh7 35. Rg2 Qf5 36. Qxf5 gxf5 37. Rg5 b6 38. Rxf5 Kg6 39. Rf4 bxc5 40. Rc4 f6 41. Rxc5 fxe5 42. Rxc6 Rexd6 0-1

[Event "HUN-chT 9596"]
[Site "Hungary"]
[Date "1996.??.??"]
[Round "10"]
[White "Csonkics, Tunde"]
[Black "Marton, Jozsef"]
[Result "1/2-1/2"]
[WhiteElo "2280"]
[BlackElo "2160"]
[PlyCount "47"]
[EventDate "1995.??.??"]
[EventType "team"]
[EventRounds "13"]
[EventCountry "HUN"]
[SourceTitle "EXT 2000"]
[Source "ChessBase"]
[SourceDate "1999.11.16"]
[SourceVersion "1"]
[SourceVersionDate "1999.11.16"]
[SourceQuality "1"]

1. d4 Nf6 2. c4 e6 3. Nf3 b6 4. e3 Bb7 5. Nc3 Be7 6. Bd3 d5 7. 0-0 0-0 8. b3 c5 9. Bb2 Ne4 10. Na4 cxd4 11. exd4 Nd7 12. Qe2 Rc8 13. Rac1 Bd6 14. Ne5 f6 15. f3 fxe5 16. fxe4 Qg5 17. Rcd1 Rce8 18. cxd5 exd4 19. dxe6 Ne5 20. Bxd4 Nxd3 21. Rxd3 Rxf1+ 22. Qxf1 Rxe6 23. Nc3 Ba6 24. Qf5 1/2-1/2

[Event "HUN-chT 9596"]
[Site "Hungary"]
[Date "1996.??.??"]
[Round "11"]
[White "Kovacs, Laszlo M"]
[Black "Csonkics, Tunde"]
[Result "1/2-1/2"]
[WhiteElo "2345"]
[BlackElo "2280"]
[PlyCount "23"]
[EventDate "1995.??.??"]
[EventType "team"]
[EventRounds "13"]
[EventCountry "HUN"]
[SourceTitle "EXT 2000"]
[Source "ChessBase"]
[SourceDate "1999.11.16"]
[SourceVersion "1"]
[SourceVersionDate "1999.11.16"]
[SourceQuality "1"]

1. d4 Nf6 2. c4 e6 3. Nc3 Bb4 4. Qc2 0-0 5. a3 Bxc3+ 6. Qxc3 b6 7. Bg5 c5 8. dxc5 bxc5 9. Bxf6 Qxf6 10. Qxf6 gxf6 11. 0-0-0 Nc6 12. Nf3 1/2-1/2

[Event "HUN-chT 9596"]
[Site "Hungary"]
[Date "1996.??.??"]
[Round "8"]
[White "Marosi, Gyorgy"]
[Black "Csonkics, Tunde"]
[Result "1/2-1/2"]
[WhiteElo "2280"]
[BlackElo "2280"]
[PlyCount "20"]
[EventDate "1995.??.??"]
[EventType "team"]
[EventRounds "13"]
[EventCountry "HUN"]
[SourceTitle "EXT 2000"]
[Source "ChessBase"]
[SourceDate "1999.11.16"]
[SourceVersion "1"]
[SourceVersionDate "1999.11.16"]
[SourceQuality "1"]

1. Nf3 Nf6 2. c4 e6 3. g3 d5 4. Bg2 dxc4 5. Qa4+ Nbd7 6. Qxc4 c5 7. 0-0 b6 8. b4 Bb7 9. bxc5 Bxc5 10. d4 Be7 1/2-1/2